Návrh opatrení v systéme vzdelávania a rozvoja zamestnancov v podniku PCA Slovakia, s.r.o.

Na minha lista:
Detalhes bibliográficos
Autor principal: Kačíková, Lenka, 1990- (Author)
Outros Autores: Szabó, Peter, 1983- (Thesis advisor)
Formato: Manuscrito Livro
Idioma:eslovaco
Publicado em: Trnava : STU v Bratislave MTF UPMK, 2012
Assuntos:
Acesso em linha:VAIS
Tags: Adicionar Tag
Sem tags, seja o primeiro a adicionar uma tag!

MARC

LEADER 00000ntm a22000003a 4500
001 stu251473
005 20150617230225.0
008 120719s2012----xo------------------slo-d
040 |a STU  |b slo 
041 0 |a slo 
044 |a xo 
100 1 |a Kačíková, Lenka,  |d 1990-  |4 aut  |u M  |T MTF Materiálovotechnologická fakulta  |X 69745  |U M  |Y 60  |7 A000069745 
242 0 0 |a Draft action in the system of education and development employees in company PCA Slovakia, s.r.o.  |y eng 
245 1 |a Návrh opatrení v systéme vzdelávania a rozvoja zamestnancov v podniku PCA Slovakia, s.r.o. 
260 |a Trnava :  |b STU v Bratislave MTF UPMK,  |c 2012 
300 |a 56s  |c CD ROM 
650 7 |a personálna práca v priemyselnom podniku  |2 stusub 
650 7 |a Personnel Policy in Industrial Plant  |2 estusub 
650 7 |a zamestnanci  |2 stusub 
650 7 |a vzdelávanie zamestnancov  |2 stusub 
650 7 |a rozvoj zamestnancov  |2 stusub 
700 1 |a Szabó, Peter,  |d 1983-  |4 ths  |u M8700  |U MTF Materiálovotechnologická fakulta  |T MTF Výučbové stredisko Komárno  |X 19244  |U M8700  |Y 254  |7 A000019244 
856 4 |a info a plný text  |u http://is.stuba.sk/zp/portal_zp.pl?podrobnosti=71624  |3 VAIS 
996 |c M*BP-5806  |l MMSKP  |s P  |a 0  |w stu251473_0001